[Event "Speed Chess (Women) GP3"]
[Site "Chess.com INT"]
[Date "2020.07.12"]
[Round "4.9"]
[White "Kosteniuk, Alexandra"]
[Black "Khademalsharieh, Sarasadat"]
[Result "1-0"]
[WhiteElo "2471"]
[BlackElo "2494"]
[PlyCount "79"]
[EventDate "2020.07.08"]
[EventType "k.o. (blitz)"]
[EventRounds "4"]
[EventCountry "USA"]
[SourceTitle "CBM 197 Extra"]
[Source "ChessBase"]
[SourceDate "2020.09.30"]
[SourceVersion "1"]
[SourceVersionDate "2020.09.30"]
[SourceQuality "1"]

1. Nf3 d5 2. g3 g6 3. Bg2 Bg7 4. d4 c6 5. O-O Nh6 6. c3 Nf5 7. Nbd2 Nd6 8. Re1
Nd7 9. e4 dxe4 10. Nxe4 O-O 11. Bf4 Nxe4 12. Rxe4 Nf6 13. Re2 Nd5 14. Bg5 h6
15. Bd2 Bf5 16. c4 Nb6 17. Qb3 Bg4 18. Re4 Bf5 19. Ree1 Be6 20. Rac1 Nc8 21.
Bf4 b5 22. Ne5 bxc4 23. Qe3 g5 24. Bxg5 hxg5 25. Nxc6 Qb6 26. Qxg5 Rb8 27. Nxb8
Qxb8 28. d5 Bd7 29. Rxc4 Qxb2 30. Rh4 Qf6 31. Qh5 Bf5 32. Be4 Bxe4 33. Rexe4
Qg6 34. Qe2 Nd6 35. Reg4 Qb1+ 36. Kg2 Rb8 37. Qxe7 Nf5 38. Rxg7+ Kxg7 39. Qg5+
Kf8 40. Rh8# 1-0

[Event "Speed Chess (Women) GP3"]
[Site "Chess.com INT"]
[Date "2020.07.12"]
[Round "4.10"]
[White "Khademalsharieh, Sarasadat"]
[Black "Kosteniuk, Alexandra"]
[Result "1/2-1/2"]
[WhiteElo "2494"]
[BlackElo "2471"]
[PlyCount "146"]
[EventDate "2020.07.08"]
[EventType "k.o. (blitz)"]
[EventRounds "4"]
[EventCountry "USA"]
[SourceTitle "CBM 197 Extra"]
[Source "ChessBase"]
[SourceDate "2020.09.30"]
[SourceVersion "1"]
[SourceVersionDate "2020.09.30"]
[SourceQuality "1"]

1. d4 Nf6 2. c4 e6 3. Nf3 b6 4. a3 Bb7 5. Nc3 Ne4 6. Nxe4 Bxe4 7. e3 Be7 8. Bd3
d5 9. cxd5 exd5 10. O-O O-O 11. Bxe4 dxe4 12. Nd2 Qd5 13. b3 Nd7 14. Bb2 f5 15.
Rc1 c5 16. Nc4 Rad8 17. Qe2 cxd4 18. Bxd4 Nc5 19. Bxc5 Qxc5 20. b4 Qb5 21. Qa2
Qd5 22. Qb1 Qd3 23. Qa2 Qd5 24. Qb1 Qd3 25. Rc2 b5 26. Ne5 Qd5 27. Nc6 Rd7 28.
Nxe7+ Rxe7 29. Rd1 Qf7 30. Rc5 a6 31. Rcd5 h6 32. Rd6 f4 33. exf4 Qxf4 34. Qa2+
Ref7 35. Rd7 Kh7 36. Rxf7 Rxf7 37. Qe2 Rc7 38. h3 Rc1 39. Rxc1 Qxc1+ 40. Kh2
Qc4 41. Qe3 Qc7+ 42. g3 Qe5 43. h4 Qf5 44. Qb6 Qf3 45. Kg1 Qxa3 46. Qd4 Qc1+
47. Kg2 Qc6 48. Qe3 Qd5 49. Qf4 e3+ 50. Kf1 exf2 51. Kxf2 Qe6 52. Kg1 Kg8 53.
Qd4 Qf6 54. Qd5+ Kh7 55. Qe4+ Qg6 56. Qf4 Qb1+ 57. Kg2 Qc2+ 58. Kh3 Qc8+ 59.
Kg2 Qe6 60. Qd4 Qc6+ 61. Kh3 h5 62. Kh2 Qe6 63. Qd3+ Qg6 64. Qd4 Qg4 65. Qd6
Qe4 66. Qxa6 Qxb4 67. Qe6 Qd2+ 68. Kh3 Qd3 69. Qe5 Qf1+ 70. Kh2 Qf2+ 71. Kh3
Qf1+ 72. Kh2 Qf2+ 73. Kh3 Qf1+ 1/2-1/2

[Event "Speed Chess (Women) GP3"]
[Site "Chess.com INT"]
[Date "2020.07.12"]
[Round "4.11"]
[White "Kosteniuk, Alexandra"]
[Black "Khademalsharieh, Sarasadat"]
[Result "0-1"]
[WhiteElo "2471"]
[BlackElo "2494"]
[PlyCount "66"]
[EventDate "2020.07.08"]
[EventType "k.o. (blitz)"]
[EventRounds "4"]
[EventCountry "USA"]
[SourceTitle "CBM 197 Extra"]
[Source "ChessBase"]
[SourceDate "2020.09.30"]
[SourceVersion "1"]
[SourceVersionDate "2020.09.30"]
[SourceQuality "1"]

1. e4 e5 2. Nf3 Nc6 3. Bc4 Bc5 4. d3 Nf6 5. a4 a5 6. c3 d6 7. Bg5 h6 8. Bh4 Ne7
9. Bxf6 gxf6 10. d4 Bb6 11. Nbd2 Ng6 12. Qb3 Qe7 13. O-O-O Be6 14. Rhe1 Nf4 15.
Bxe6 Nd3+ 16. Kb1 Nxe1 17. Bxf7+ Qxf7 18. Qb5+ Qd7 19. Qxd7+ Kxd7 20. Rxe1 Rhg8
21. g3 Raf8 22. Nh4 exd4 23. Nc4 dxc3 24. Nxb6+ cxb6 25. bxc3 Rc8 26. Kb2 Rc4
27. Kb3 Rgc8 28. Re3 b5 29. axb5 a4+ 30. Kb2 R8c5 31. Nf5 Rxb5+ 32. Ka3 Rb3+
33. Ka2 Rbxc3 0-1

[Event "Speed Chess (Women) GP4"]
[Site "Chess.com INT"]
[Date "2020.07.15"]
[Round "1.1"]
[White "Kosteniuk, Alexandra"]
[Black "Assaubayeva, Bibissara"]
[Result "0-1"]
[WhiteElo "2471"]
[BlackElo "2378"]
[PlyCount "74"]
[EventDate "2020.07.15"]
[EventType "k.o. (blitz)"]
[EventRounds "4"]
[EventCountry "USA"]
[SourceTitle "CBM 197 Extra"]
[Source "ChessBase"]
[SourceDate "2020.09.30"]
[SourceVersion "1"]
[SourceVersionDate "2020.09.30"]
[SourceQuality "1"]

1. e4 c5 2. Nf3 d6 3. d4 cxd4 4. Nxd4 Nf6 5. Nc3 a6 6. Bg5 e6 7. Qf3 Nbd7 8.
Be2 Qc7 9. a4 Be7 10. O-O O-O 11. a5 h6 12. Be3 Nc5 13. b4 Ncd7 14. Bd2 Ne5 15.
Qg3 Kh8 16. Rfb1 Bd7 17. f4 Nc4 18. Be1 e5 19. Nf5 Bxf5 20. exf5 Rac8 21. Kh1
exf4 22. Qxf4 d5 23. Qxc7 Rxc7 24. Bf3 Ne3 25. Ra2 d4 26. Ne2 Nxc2 27. Bd2 Bd6
28. b5 d3 29. Nc3 Bb4 30. Rb3 Rfc8 31. b6 Re7 32. Kg1 Rc5 33. Nb1 Bxd2 34. Nxd2
Ne1 35. Kf2 Rc2 36. Rxc2 dxc2 37. Rc3 c1=Q 0-1

[Event "Speed Chess (Women) GP4"]
[Site "Chess.com INT"]
[Date "2020.07.15"]
[Round "1.2"]
[White "Assaubayeva, Bibissara"]
[Black "Kosteniuk, Alexandra"]
[Result "1/2-1/2"]
[WhiteElo "2378"]
[BlackElo "2471"]
[PlyCount "53"]
[EventDate "2020.07.15"]
[EventType "k.o. (blitz)"]
[EventRounds "4"]
[EventCountry "USA"]
[SourceTitle "CBM 197 Extra"]
[Source "ChessBase"]
[SourceDate "2020.09.30"]
[SourceVersion "1"]
[SourceVersionDate "2020.09.30"]
[SourceQuality "1"]

1. d4 Nf6 2. c4 e6 3. Nf3 b6 4. g3 Bb4+ 5. Bd2 Bxd2+ 6. Qxd2 Ba6 7. b3 d5 8.
Bg2 c6 9. Qc2 O-O 10. O-O Nbd7 11. Nbd2 Rc8 12. Rfd1 Qe7 13. e4 dxe4 14. Nxe4
Nxe4 15. Qxe4 Nf6 16. Qe3 Rfd8 17. Rd2 Bb7 18. Rad1 h6 19. Ne5 Qc7 20. h4 Rd6
21. Nd3 Rcd8 22. Nf4 R6d7 23. Bf3 Qd6 24. Kg2 Qc7 25. Kg1 Qd6 26. Kg2 Qc7 27.
Kg1 1/2-1/2

[Event "Speed Chess (Women) GP4"]
[Site "Chess.com INT"]
[Date "2020.07.15"]
[Round "1.3"]
[White "Kosteniuk, Alexandra"]
[Black "Assaubayeva, Bibissara"]
[Result "1-0"]
[WhiteElo "2471"]
[BlackElo "2378"]
[PlyCount "83"]
[EventDate "2020.07.15"]
[EventType "k.o. (blitz)"]
[EventRounds "4"]
[EventCountry "USA"]
[SourceTitle "CBM 197 Extra"]
[Source "ChessBase"]
[SourceDate "2020.09.30"]
[SourceVersion "1"]
[SourceVersionDate "2020.09.30"]
[SourceQuality "1"]

1. e4 c5 2. Nf3 d6 3. d4 cxd4 4. Nxd4 Nf6 5. Nc3 a6 6. Be2 e5 7. Nb3 Be7 8. O-O
O-O 9. Be3 Be6 10. Bf3 Nbd7 11. a4 Nb6 12. a5 Nc4 13. Bc1 Rc8 14. Qd3 Qd7 15.
Rd1 Rfd8 16. h3 h6 17. Nd2 Nxd2 18. Rxd2 Bc4 19. Qe3 Qc7 20. Rd1 Bf8 21. Qe1 b5
22. axb6 Qxb6 23. b3 Be6 24. Na4 Qb7 25. Qe2 Qb5 26. Rd3 d5 27. exd5 Bxd5 28.
Bxd5 Nxd5 29. c4 Qc6 30. cxd5 Rxd5 31. Bb2 Rxd3 32. Qxd3 e4 33. Qg3 Qe6 34. Rd1
f6 35. Qe3 Re8 36. Nc5 Qc6 37. b4 Rb8 38. Ba3 a5 39. bxa5 Rc8 40. Rc1 Qb5 41.
Qxe4 Kh8 42. Qe6 1-0

[Event "Speed Chess (Women) GP4"]
[Site "Chess.com INT"]
[Date "2020.07.15"]
[Round "1.4"]
[White "Assaubayeva, Bibissara"]
[Black "Kosteniuk, Alexandra"]
[Result "0-1"]
[WhiteElo "2378"]
[BlackElo "2471"]
[PlyCount "94"]
[EventDate "2020.07.15"]
[EventType "k.o. (blitz)"]
[EventRounds "4"]
[EventCountry "USA"]
[SourceTitle "CBM 197 Extra"]
[Source "ChessBase"]
[SourceDate "2020.09.30"]
[SourceVersion "1"]
[SourceVersionDate "2020.09.30"]
[SourceQuality "1"]

1. d4 Nf6 2. c4 e6 3. Nf3 b6 4. a3 Bb7 5. Nc3 Ne4 6. Qc2 Nxc3 7. Qxc3 Be7 8. g3
O-O 9. Bg2 d6 10. O-O Nd7 11. Qc2 Nf6 12. b4 Be4 13. Qd2 c5 14. Bb2 Rc8 15.
Rac1 Qc7 16. Ng5 Bxg2 17. Kxg2 h6 18. Nf3 Rfd8 19. Rfd1 Qb7 20. d5 e5 21. Nh4
Qd7 22. Qd3 Bf8 23. f4 Re8 24. fxe5 dxe5 25. Rf1 Nh7 26. b5 Ng5 27. Qf5 Qxf5
28. Nxf5 Ne4 29. Rfd1 g6 30. Ne3 f5 31. g4 Nd6 32. gxf5 gxf5 33. Kf3 Kh7 34.
Nf1 Bg7 35. Kf2 Bf6 36. e3 Bh4+ 37. Ke2 f4 38. exf4 exf4+ 39. Kf3 Re4 40. Nd2
Re3+ 41. Kg2 Rg8+ 42. Kh1 f3 43. Rf1 f2 44. Bc3 Rge8 45. a4 Rd3 46. Rc2 Re2 47.
Kg2 Nf5 0-1

[Event "Speed Chess (Women) GP4"]
[Site "Chess.com INT"]
[Date "2020.07.15"]
[Round "1.5"]
[White "Kosteniuk, Alexandra"]
[Black "Assaubayeva, Bibissara"]
[Result "0-1"]
[WhiteElo "2471"]
[BlackElo "2378"]
[PlyCount "118"]
[EventDate "2020.07.15"]
[EventType "k.o. (blitz)"]
[EventRounds "4"]
[EventCountry "USA"]
[SourceTitle "CBM 197 Extra"]
[Source "ChessBase"]
[SourceDate "2020.09.30"]
[SourceVersion "1"]
[SourceVersionDate "2020.09.30"]
[SourceQuality "1"]

1. e4 c5 2. c3 Nf6 3. e5 Nd5 4. d4 cxd4 5. Nf3 Nc6 6. cxd4 d6 7. Bc4 e6 8. O-O
Be7 9. Qe2 O-O 10. Rd1 Bd7 11. Bd2 Rc8 12. Nc3 Nxc3 13. Bxc3 dxe5 14. dxe5 Qc7
15. Bd3 Rfd8 16. h4 Be8 17. Qe4 g6 18. h5 Rd5 19. Qg4 Rcd8 20. Bc2 Rxd1+ 21.
Rxd1 Rxd1+ 22. Bxd1 b5 23. Qe4 b4 24. Bd2 Qa5 25. Bb3 Qb5 26. Bh6 Na5 27. Nd4
Qd7 28. Bc2 Qd5 29. Qxd5 exd5 30. b3 Bc5 31. Nf3 Nc6 32. hxg6 hxg6 33. Bd3 Bd7
34. Kf1 Nd4 35. Nxd4 Bxd4 36. Bf4 Kf8 37. Ke2 Ke7 38. Bg3 Ke6 39. f4 Bc5 40.
Bh4 Bc6 41. g4 Bd4 42. Bg3 a5 43. f5+ gxf5 44. gxf5+ Ke7 45. Bh4+ Kd7 46. Bf6
Bc3 47. Ke3 a4 48. Bc2 axb3 49. axb3 Bb5 50. Bd3 Bc6 51. Ke2 d4 52. Bc4 Ke8 53.
Kd3 Bf3 54. e6 fxe6 55. Bxe6 Bg2 56. Ke2 Be4 57. Bc4 d3+ 58. Bxd3 Bxd3+ 59.
Kxd3 Bxf6 0-1

[Event "Speed Chess (Women) GP4"]
[Site "Chess.com INT"]
[Date "2020.07.15"]
[Round "1.6"]
[White "Assaubayeva, Bibissara"]
[Black "Kosteniuk, Alexandra"]
[Result "0-1"]
[WhiteElo "2378"]
[BlackElo "2471"]
[PlyCount "82"]
[EventDate "2020.07.15"]
[EventType "k.o. (blitz)"]
[EventRounds "4"]
[EventCountry "USA"]
[SourceTitle "CBM 197 Extra"]
[Source "ChessBase"]
[SourceDate "2020.09.30"]
[SourceVersion "1"]
[SourceVersionDate "2020.09.30"]
[SourceQuality "1"]

1. d4 Nf6 2. c4 e6 3. Nf3 b6 4. g3 Bb7 5. Bg2 Be7 6. O-O O-O 7. Nc3 Ne4 8. Bd2
d6 9. Qc2 Nxd2 10. Nxd2 Bxg2 11. Kxg2 Nd7 12. f4 c6 13. e4 Rc8 14. Nf3 b5 15.
b3 bxc4 16. bxc4 c5 17. d5 Bf6 18. Rab1 Nb6 19. e5 dxe5 20. fxe5 Bg5 21. Ne4
Bh6 22. d6 Qd7 23. h4 f5 24. exf6 gxf6 25. Rbd1 Rf7 26. Kh2 Kh8 27. Qc3 Bg7 28.
Qd3 h6 29. h5 f5 30. Nc3 e5 31. Nh4 e4 32. Ng6+ Kh7 33. Qc2 Nxc4 34. Nd5 Ne5
35. Nde7 Ng4+ 36. Kh3 Rb8 37. Rf4 Rb2 38. Qxb2 Bxb2 39. Rb1 Bg7 40. Rd1 e3 41.
Rd5 e2 0-1

[Event "Speed Chess (Women) GP4"]
[Site "Chess.com INT"]
[Date "2020.07.15"]
[Round "1.7"]
[White "Kosteniuk, Alexandra"]
[Black "Assaubayeva, Bibissara"]
[Result "1-0"]
[WhiteElo "2471"]
[BlackElo "2378"]
[PlyCount "177"]
[EventDate "2020.07.15"]
[EventType "k.o. (blitz)"]
[EventRounds "4"]
[EventCountry "USA"]
[SourceTitle "CBM 197 Extra"]
[Source "ChessBase"]
[SourceDate "2020.09.30"]
[SourceVersion "1"]
[SourceVersionDate "2020.09.30"]
[SourceQuality "1"]

1. e4 c5 2. Nf3 d6 3. d4 cxd4 4. Nxd4 Nf6 5. Nc3 a6 6. Bg5 e6 7. Qf3 Nbd7 8.
Be2 Qc7 9. O-O Be7 10. a4 O-O 11. a5 h6 12. Be3 Ne5 13. Qg3 Kh8 14. Kh1 Nc4 15.
Bc1 e5 16. Nb3 Be6 17. f4 exf4 18. Qxf4 Rac8 19. Qg3 Ne5 20. Nd4 Qd7 21. Nf5
Bxf5 22. exf5 Rfe8 23. Bf4 Bf8 24. Rad1 Qc7 25. Qh4 Ned7 26. Bf3 b5 27. axb6
Qxb6 28. Rb1 Qc5 29. g4 Nh7 30. Bd5 Ne5 31. Qg3 f6 32. Rfd1 Nc4 33. Ne4 Qb4 34.
Be6 Rc7 35. Nc3 Nxb2 36. Nd5 Qe4+ 37. Qg2 Qxg2+ 38. Kxg2 Nxd1 39. Kf3 Rxc2 40.
Rxd1 Rb8 41. Ne3 Rc3 42. Bxd6 Bxd6 43. Rxd6 a5 44. Ra6 a4 45. Rxa4 Ng5+ 46. Kf4
Re8 47. h4 Nxe6+ 48. fxe6 Rxe6 49. Nf5 Re8 50. h5 Rc7 51. Nh4 Kh7 52. Ng6 Kg8
53. Rd4 Kf7 54. Rb4 Rd8 55. Ra4 Rcd7 56. Ke4 Rd1 57. Ra7+ R1d7 58. Ra4 Re8+ 59.
Kf4 Rc7 60. Rd4 Rec8 61. Rd1 Rc4+ 62. Kg3 Rc3+ 63. Kh4 R3c7 64. Rd4 Rb7 65. Re4
Re8 66. Rd4 Re3 67. Nh8+ Kg8 68. Ng6 Rbb3 69. Nf4 Rf3 70. Rc4 Kf7 71. Re4 Kf8
72. Rc4 Kf7 73. Rc7+ Ke8 74. Rc4 Rfe3 75. Rd4 Rf3 76. Re4+ Kd7 77. Rc4 Rbe3 78.
Rd4+ Kc7 79. Rc4+ Kb6 80. Nd5+ Kb5 81. Nxe3 Rxe3 82. Rc7 Kb4 83. Rxg7 Re6 84.
Rg6 Kc5 85. Rxh6 Kd5 86. Rg6 Kd6 87. h6 Ke5 88. h7 Re8 89. Rg8 1-0

[Event "Speed Chess (Women) GP4"]
[Site "Chess.com INT"]
[Date "2020.07.15"]
[Round "1.8"]
[White "Assaubayeva, Bibissara"]
[Black "Kosteniuk, Alexandra"]
[Result "1-0"]
[WhiteElo "2378"]
[BlackElo "2471"]
[PlyCount "75"]
[EventDate "2020.07.15"]
[EventType "k.o. (blitz)"]
[EventRounds "4"]
[EventCountry "USA"]
[SourceTitle "CBM 197 Extra"]
[Source "ChessBase"]
[SourceDate "2020.09.30"]
[SourceVersion "1"]
[SourceVersionDate "2020.09.30"]
[SourceQuality "1"]

1. d4 Nf6 2. c4 e6 3. Nf3 Bb4+ 4. Nbd2 O-O 5. a3 Be7 6. e4 d6 7. Be2 Nfd7 8.
Nb1 e5 9. d5 a5 10. Nc3 Nc5 11. Be3 Nba6 12. b4 Nd7 13. Rb1 axb4 14. axb4 Nf6
15. O-O Bg4 16. Nd2 Bxe2 17. Qxe2 Qd7 18. Nf3 Ng4 19. Bd2 f5 20. h3 Nf6 21. Ng5
fxe4 22. Ne6 Rf7 23. Nxe4 h6 24. b5 Nb8 25. Ra1 Rxa1 26. Rxa1 Qe8 27. Nxc7 Qc8
28. Ne6 Nfd7 29. Bb4 Nf8 30. Nxd6 Bxd6 31. Bxd6 Nbd7 32. c5 Ng6 33. Qe4 Kh7 34.
c6 Nf6 35. Qf5 Qe8 36. Nf8+ Rxf8 37. Bxf8 Qxf8 38. c7 1-0

[Event "Speed Chess (Women) GP4"]
[Site "Chess.com INT"]
[Date "2020.07.15"]
[Round "1.9"]
[White "Kosteniuk, Alexandra"]
[Black "Assaubayeva, Bibissara"]
[Result "1-0"]
[WhiteElo "2471"]
[BlackElo "2378"]
[PlyCount "71"]
[EventDate "2020.07.15"]
[EventType "k.o. (blitz)"]
[EventRounds "4"]
[EventCountry "USA"]
[SourceTitle "CBM 197 Extra"]
[Source "ChessBase"]
[SourceDate "2020.09.30"]
[SourceVersion "1"]
[SourceVersionDate "2020.09.30"]
[SourceQuality "1"]

1. e4 c5 2. Nf3 d6 3. d4 cxd4 4. Nxd4 Nf6 5. Nc3 a6 6. Be2 e5 7. Nb3 Be7 8. O-O
O-O 9. Re1 Be6 10. Bf3 Nbd7 11. a4 Rc8 12. a5 Qc7 13. Be3 Rfd8 14. Nd2 h6 15.
h3 Bf8 16. Nf1 Nc5 17. Ng3 g6 18. Qd2 Kh7 19. Red1 Bg7 20. Rdc1 Qc6 21. b4 Ncd7
22. Ra3 Qc4 23. Rb1 Bf8 24. Be2 Qc7 25. Rc1 Qc6 26. b5 axb5 27. Bxb5 Qc7 28.
Bd3 d5 29. Nb5 Bxa3 30. Nxc7 Bxc1 31. Qxc1 Rxc7 32. exd5 Nxd5 33. Bxh6 Nc5 34.
Qg5 Rg8 35. Qh4 Nxd3 36. Bf8# 1-0

[Event "Speed Chess (Women) GP4"]
[Site "Chess.com INT"]
[Date "2020.07.15"]
[Round "1.10"]
[White "Assaubayeva, Bibissara"]
[Black "Kosteniuk, Alexandra"]
[Result "1-0"]
[WhiteElo "2378"]
[BlackElo "2471"]
[PlyCount "53"]
[EventDate "2020.07.15"]
[EventType "k.o. (blitz)"]
[EventRounds "4"]
[EventCountry "USA"]
[SourceTitle "CBM 197 Extra"]
[Source "ChessBase"]
[SourceDate "2020.09.30"]
[SourceVersion "1"]
[SourceVersionDate "2020.09.30"]
[SourceQuality "1"]

1. d4 Nf6 2. c4 e6 3. Nf3 b6 4. g3 Bb7 5. Bg2 Be7 6. O-O O-O 7. Nc3 Ne4 8. Bd2
d5 9. cxd5 exd5 10. Qb3 Nxc3 11. Bxc3 Nd7 12. Rfd1 Nf6 13. Rac1 Ne4 14. Be1 a5
15. Ne5 Qd6 16. a4 Rac8 17. Nd3 Ba6 18. Nf4 Nf6 19. e3 Bc4 20. Qc2 c5 21. b3
Ba6 22. dxc5 Rxc5 23. Qb2 Rfc8 24. Rxc5 Rxc5 25. b4 Rc4 26. Nxd5 Nxd5 27. Bxd5
1-0

[Event "Speed Chess (Women) GP4"]
[Site "Chess.com INT"]
[Date "2020.07.15"]
[Round "1.11"]
[White "Kosteniuk, Alexandra"]
[Black "Assaubayeva, Bibissara"]
[Result "1/2-1/2"]
[WhiteElo "2471"]
[BlackElo "2378"]
[PlyCount "146"]
[EventDate "2020.07.15"]
[EventType "k.o. (blitz)"]
[EventRounds "4"]
[EventCountry "USA"]
[SourceTitle "CBM 197 Extra"]
[Source "ChessBase"]
[SourceDate "2020.09.30"]
[SourceVersion "1"]
[SourceVersionDate "2020.09.30"]
[SourceQuality "1"]

1. e4 c5 2. c3 d6 3. d4 Nf6 4. Bd3 cxd4 5. cxd4 e5 6. dxe5 dxe5 7. Nf3 Nc6 8.
O-O Be7 9. Nc3 O-O 10. h3 h6 11. Bb5 Nd4 12. Bc4 Be6 13. Bxe6 Nxe6 14. Be3 Bc5
15. Nxe5 Bxe3 16. fxe3 Qb6 17. Qe2 Rfe8 18. Rxf6 gxf6 19. Nd5 Qd8 20. Ng4 Kh8
21. Ngxf6 Ng5 22. Nxe8 Qxe8 23. Qf2 Qxe4 24. Nc3 Qc6 25. e4 Rg8 26. Qd4+ Kh7
27. Kh1 Qe6 28. Qe3 Qg6 29. Rg1 Ne6 30. g4 Re8 31. Rf1 Ng5 32. Qf4 Kg8 33. Qf5
Nxe4 34. Nxe4 Qxf5 35. Rxf5 Rxe4 36. Kg2 Re2+ 37. Rf2 Re6 38. Rd2 Kg7 39. Kf3
Kg6 40. h4 f5 41. Rd7 fxg4+ 42. Kxg4 Re4+ 43. Kg3 Rb4 44. b3 Rb5 45. Kg4 Rb4+
46. Kg3 Rb5 47. Rd4 Kf5 48. Kf3 Rc5 49. Rf4+ Ke5 50. Re4+ Kf5 51. Re7 Rc3+ 52.
Ke2 Rc2+ 53. Kf3 Rxa2 54. Rxb7 Ra3 55. Rb5+ Kg6 56. h5+ Kf6 57. Kf4 Ra1 58. Rb7
Rf1+ 59. Kg3 Rg1+ 60. Kf2 Ra1 61. Rb5 Ra2+ 62. Kg3 a6 63. Rc5 Ra3 64. Rc3 Kg5
65. Rc5+ Kf6 66. Kg4 Rxb3 67. Rc6+ Kg7 68. Rg6+ Kh7 69. Rxa6 Kg7 70. Ra7+ Kf6
71. Ra6+ Kg7 72. Ra7+ Kf6 73. Ra6+ Kg7 1/2-1/2

[Event "Speed Chess (Women) GP4"]
[Site "Chess.com INT"]
[Date "2020.07.15"]
[Round "1.12"]
[White "Assaubayeva, Bibissara"]
[Black "Kosteniuk, Alexandra"]
[Result "0-1"]
[WhiteElo "2378"]
[BlackElo "2471"]
[PlyCount "132"]
[EventDate "2020.07.15"]
[EventType "k.o. (blitz)"]
[EventRounds "4"]
[EventCountry "USA"]
[SourceTitle "CBM 197 Extra"]
[Source "ChessBase"]
[SourceDate "2020.09.30"]
[SourceVersion "1"]
[SourceVersionDate "2020.09.30"]
[SourceQuality "1"]

1. d4 Nf6 2. c4 e6 3. Nf3 Bb4+ 4. Nbd2 O-O 5. a3 Be7 6. e4 d6 7. Be2 Nfd7 8.
Nb1 e5 9. d5 Nc5 10. Nc3 f5 11. exf5 Bxf5 12. b4 Ne4 13. Bb2 Nd7 14. O-O Qe8
15. Nxe4 Bxe4 16. Nd2 Bf5 17. Bg4 Qg6 18. Bxf5 Rxf5 19. Ne4 Nf6 20. Ng3 Rf4 21.
c5 h5 22. cxd6 Bxd6 23. Re1 h4 24. Ne2 Rg4 25. g3 e4 26. Bxf6 gxf6 27. Qd2 hxg3
28. fxg3 f5 29. Kh1 Kg7 30. Qd4+ Qf6 31. Rf1 Be5 32. Qc4 Bxa1 33. Qxc7+ Qf7 34.
Qxf7+ Kxf7 35. Rxa1 Rd8 36. Nf4 Ke7 37. Rc1 Kd6 38. Kg2 Rgg8 39. Kf2 Rc8 40.
Rd1 Rc3 41. a4 Rgc8 42. Nh5 Rf3+ 43. Kg2 Rc2+ 44. Kh3 Rff2 45. Kh4 e3 46. Nf4
Rxh2+ 47. Kg5 Rc4 48. Kxf5 Rxb4 49. Re1 Rb3 50. g4 Rf2 51. Kg5 Ra3 52. Nh3 Rf3
53. Nf4 Rxa4 54. Ng2 Re4 55. Nh4 Rf2 56. Nf5+ Kxd5 57. Rxe3 Rxe3 58. Nxe3+ Ke6
59. Nc4 b5 60. Na3 b4 61. Nb5 Rd2 62. Nxa7 b3 63. Nb5 b2 64. Nc3 Rd3 65. Nb1
Rd1 66. Nc3 Rc1 0-1

[Event "Speed Chess (Women) GP4"]
[Site "Chess.com INT"]
[Date "2020.07.16"]
[Round "2.1"]
[White "Harika, Dronavalli"]
[Black "Kosteniuk, Alexandra"]
[Result "0-1"]
[WhiteElo "2515"]
[BlackElo "2471"]
[PlyCount "168"]
[EventDate "2020.07.15"]
[EventType "k.o. (blitz)"]
[EventRounds "4"]
[EventCountry "USA"]
[SourceTitle "CBM 197 Extra"]
[Source "ChessBase"]
[SourceDate "2020.09.30"]
[SourceVersion "1"]
[SourceVersionDate "2020.09.30"]
[SourceQuality "1"]

1. e4 c6 2. Nf3 d5 3. d3 dxe4 4. dxe4 Qxd1+ 5. Kxd1 Bg4 6. Be2 Nd7 7. Ne1 Bxe2+
8. Kxe2 Nc5 9. f3 g6 10. Be3 Ne6 11. c3 Bh6 12. Nd2 Bxe3 13. Kxe3 Nf6 14. Nd3
Nd7 15. Nc4 O-O-O 16. b4 f6 17. a4 Nb6 18. Nxb6+ axb6 19. Nb2 Kc7 20. a5 bxa5
21. Rxa5 g5 22. g3 h5 23. h4 Rdg8 24. Nd3 gxh4 25. gxh4 Rg2 26. Nf2 Ng7 27.
Raa1 Ne6 28. Ra5 Ng7 29. Raa1 Rg8 30. Nh3 e5 31. Rag1 Ne6 32. Rxg2 Rxg2 33. Nf2
Nf4 34. c4 Kd6 35. c5+ Kc7 36. Rd1 Rg6 37. Rh1 Rg3 38. Rd1 Ng2+ 39. Ke2 Nxh4
40. Rh1 Nxf3 41. Rxh5 Nd4+ 42. Kf1 b5 43. Rh7+ Kd8 44. Rf7 Rf3 45. Kg2 Ke8 46.
Rc7 Rf4 47. Kg3 f5 48. exf5 Nxf5+ 49. Kg2 Ne3+ 50. Kg3 Nf5+ 51. Kg2 Nd4 52. Ra7
e4 53. Nh3 Rf5 54. Ra3 Re5 55. Nf4 e3 56. Ra8+ Kf7 57. Ra1 Nc2 58. Rf1 Re4 59.
Nd3+ Ke6 60. Kf3 Rh4 61. Rg1 Rh3+ 62. Ke2 Nd4+ 63. Kd1 Kf5 64. Rg7 Ke4 65. Ne1
Rh1 66. Re7+ Kf4 67. Rf7+ Kg5 68. Re7 Nf5 69. Re5 Kf4 70. Re8 Rh2 71. Rf8 Rd2+
72. Kc1 Ke4 73. Re8+ Kf4 74. Rf8 Rd5 75. Ng2+ Ke4 76. Re8+ Kf3 77. Ne1+ Kf2 78.
Nc2 e2 79. Re6 Rd1+ 80. Kb2 Nd4 81. Nxd4 Rxd4 82. Rf6+ Ke3 83. Re6+ Re4 84.
Rxc6 e1=Q 0-1

[Event "Speed Chess (Women) GP4"]
[Site "Chess.com INT"]
[Date "2020.07.16"]
[Round "2.2"]
[White "Kosteniuk, Alexandra"]
[Black "Harika, Dronavalli"]
[Result "1/2-1/2"]
[WhiteElo "2471"]
[BlackElo "2515"]
[PlyCount "132"]
[EventDate "2020.07.15"]
[EventType "k.o. (blitz)"]
[EventRounds "4"]
[EventCountry "USA"]
[SourceTitle "CBM 197 Extra"]
[Source "ChessBase"]
[SourceDate "2020.09.30"]
[SourceVersion "1"]
[SourceVersionDate "2020.09.30"]
[SourceQuality "1"]

1. e4 e5 2. Nf3 Nc6 3. Bb5 a6 4. Ba4 d6 5. c3 Bd7 6. d4 g6 7. O-O Bg7 8. Bg5 f6
9. Be3 Nh6 10. dxe5 dxe5 11. Bc5 Bf8 12. Bxf8 Kxf8 13. Nbd2 Kg7 14. Qe2 Nf7 15.
Bc2 Nd6 16. h3 Qe7 17. Rad1 Rad8 18. b3 Be6 19. Qe3 h5 20. Ne1 g5 21. Nd3 h4
22. Nc5 Bc8 23. Bd3 a5 24. Be2 b6 25. Nd3 Qf7 26. Nb2 Ne7 27. Ndc4 Nxc4 28.
Nxc4 Be6 29. Nd2 Ng6 30. Bb5 Nf4 31. f3 Qe7 32. Kh2 Rd6 33. Nc4 Bxc4 34. Bxc4
Rhd8 35. Qc1 Qd7 36. Rxd6 Qxd6 37. Rf2 c6 38. a4 Rd7 39. Rb2 Kh6 40. b4 Qd1 41.
Qxd1 Rxd1 42. bxa5 bxa5 43. g3 hxg3+ 44. Kxg3 Rg1+ 45. Kh2 Rc1 46. Rb6 Rc2+ 47.
Kg1 Nxh3+ 48. Kf1 g4 49. fxg4 Rxc3 50. Rxc6 Kg5 51. Ke1 Ng1 52. Kd2 Ra3 53. Bb5
Nf3+ 54. Kc1 Nd4 55. Ra6 Nxb5 56. axb5 a4 57. Kc2 Rb3 58. Rxa4 Rxb5 59. Kd3
Kxg4 60. Ra6 Rb3+ 61. Ke2 Rf3 62. Rc6 Rf4 63. Ke3 Rf1 64. Ke2 Rf4 65. Ke3 Rf3+
66. Ke2 Rf4 1/2-1/2

[Event "Speed Chess (Women) GP4"]
[Site "Chess.com INT"]
[Date "2020.07.16"]
[Round "2.3"]
[White "Harika, Dronavalli"]
[Black "Kosteniuk, Alexandra"]
[Result "1/2-1/2"]
[WhiteElo "2515"]
[BlackElo "2471"]
[PlyCount "52"]
[EventDate "2020.07.15"]
[EventType "k.o. (blitz)"]
[EventRounds "4"]
[EventCountry "USA"]
[SourceTitle "CBM 197 Extra"]
[Source "ChessBase"]
[SourceDate "2020.09.30"]
[SourceVersion "1"]
[SourceVersionDate "2020.09.30"]
[SourceQuality "1"]

1. e4 c6 2. Nf3 d5 3. d3 dxe4 4. dxe4 Qxd1+ 5. Kxd1 Bg4 6. Be2 Nd7 7. Ne1 Bxe2+
8. Kxe2 g6 9. Nd3 Bh6 10. a4 Bxc1 11. Rxc1 e5 12. Na3 Ke7 13. Nc4 f6 14. Rd1
Nh6 15. a5 Nf7 16. f3 Rhd8 17. a6 b6 18. Nb4 Rdc8 19. Rd2 Nc5 20. Rad1 Rc7 21.
Ke3 Ne6 22. c3 Nc5 23. Nd6 Nd8 24. Nc4 Nf7 25. Nd6 Nd8 26. Nc4 Nf7 1/2-1/2